[Event "1MCR_3DE_1L_3S"]
[Site "?"]
[Date "2005.??.??"]
[Round "3"]
[White "Zednik, Martin"]
[Black "Peroutik, Jiri"]
[Result "1-0"]
[WhiteElo "2077"]
[BlackElo "1822"]
[PlyCount "91"]
[EventDate "2005.??.??"]
[EventType "corr"]
[SourceDate "2005.03.20"]

1. e4 e6 2. d4 d5 3. Nc3 Nf6 4. Bg5 Be7 5. e5 Nfd7 6. Bxe7 Qxe7 7. f4 O-O 8.
Nf3 c5 9. dxc5 Qxc5 10. Qd2 Nc6 11. O-O-O Nb6 12. Bd3 Bd7 13. Kb1 Rac8 14. Nb5
Nb4 15. Nd6 Rc7 16. Bxh7+ Kxh7 17. c3 Nc4 18. Nxc4 Qxc4 19. cxb4 Qe4+ 20. Ka1
Kg8 21. Rc1 Rfc8 22. Rxc7 Rxc7 23. Nd4 b6 24. b5 Rc5 25. Re1 Qh7 26. g4 Qh4 27.
Rg1 Qe7 28. g5 g6 29. h4 Rc7 30. Kb1 Rc4 31. b3 Rc8 32. h5 gxh5 33. Qd1 Kg7 34.
Qxh5 Rh8 35. Qg4 Qe8 36. Qg3 Rh5 37. Qf3 Rh4 38. Qg2 Kf8 39. Qg3 Rh5 40. Qc3
Kg8 41. a4 Rh2 42. Qg3 Rh7 43. Rc1 Qf8 44. Rc7 Rh1+ 45. Ka2 Qb4 46. Nc2 1-0

[Event "1MCR_3DE_1L_1S"]
[Site "?"]
[Date "2005.??.??"]
[Round "1"]
[White "Pecka, Josef"]
[Black "Alexa, Jaroslav"]
[Result "1/2-1/2"]
[WhiteElo "2309"]
[BlackElo "2341"]
[PlyCount "100"]
[EventDate "2005.??.??"]
[EventType "corr"]
[SourceDate "2005.03.20"]

1. e4 c5 2. Nf3 d6 3. d4 cxd4 4. Nxd4 Nf6 5. Nc3 a6 6. Bg5 e6 7. f4 Qb6 8. Nb3
Be7 9. Qf3 Nbd7 10. O-O-O Qc7 11. Bd3 b5 12. Bxf6 Nxf6 13. e5 Bb7 14. Qg3 dxe5
15. fxe5 Nh5 16. Qe3 h6 17. h4 b4 18. Na4 Rc8 19. Rh2 g5 20. g3 Ng7 21. Rf1 O-O
22. Kb1 Nf5 23. Bxf5 exf5 24. Rxf5 Qd7 25. e6 fxe6 26. Nb6 Qd1+ 27. Nc1 Rxf5
28. Qxe6+ Rf7 29. Nxc8 Bxc8 30. Qxc8+ Kg7 31. c3 Qf3 32. Rc2 bxc3 33. Rxc3 Qe4+
34. Ka1 Bf6 35. Rc2 gxh4 36. gxh4 Qxh4 37. Qxa6 Qe4 38. Qc8 h5 39. a3 Qf3 40.
Qc5 h4 41. Ka2 h3 42. Nb3 Qg4 43. Rf2 Be7 44. Qe5+ Bf6 45. Qd5 Re7 46. Qd6 Rf7
47. Nc5 Qc4+ 48. Kb1 Qg4 49. Nd3 Bd4 50. Rf4 Rxf4 1/2-1/2

[Event "1MCR_3DE_1L_2S"]
[Site "?"]
[Date "2005.??.??"]
[Round "2"]
[White "Pytlik, Lesek"]
[Black "Struzka, Vlastimil"]
[Result "1/2-1/2"]
[WhiteElo "2367"]
[BlackElo "2216"]
[PlyCount "139"]
[EventDate "2005.??.??"]
[EventType "corr"]
[SourceDate "2005.03.20"]

1. e4 e5 2. Nf3 Nc6 3. Bb5 a6 4. Ba4 Nf6 5. O-O Be7 6. Re1 b5 7. Bb3 d6 8. c3
O-O 9. h3 Na5 10. Bc2 c5 11. d4 Bb7 12. d5 Nc4 13. b3 Nb6 14. a4 bxa4 15. bxa4
Ne8 16. Nbd2 a5 17. Bd3 Bc8 18. Nf1 Bd7 19. c4 Nc7 20. Bd2 Nc8 21. Ng3 Na6 22.
Bc2 Nb4 23. Bb3 Rb8 24. Nf5 Bxf5 25. exf5 Bf6 26. Rb1 Qd7 27. g4 Nb6 28. Re4
Rfe8 29. Kg2 h6 30. Rc1 Rec8 31. Rc3 Rc7 32. Rc1 Rcb7 33. Rb1 Qd8 34. Kg1 Nd7
35. Bc2 Nf8 36. Re1 Nh7 37. Be4 Ng5 38. Nxg5 Bxg5 39. Qe2 Rb6 40. Bc3 Qf6 41.
Qf3 Qe7 42. Re2 Qd8 43. Kf1 Bf4 44. Kg1 Nxd5 45. Rb5 Rxb5 46. axb5 Nb4 47. Rb2
Qh4 48. Rb1 Qe7 49. Ra1 Qc7 50. Qd1 Qd8 51. Bg2 Qb6 52. Qa4 d5 53. Bxb4 cxb4
54. Bxd5 Bg3 55. Ra2 Bh4 56. Qxa5 Bxf2+ 57. Kg2 Qxa5 58. Rxa5 Bd4 59. Ra4 b3
60. Rb4 b2 61. c5 Bxc5 62. Rxb2 Kf8 63. Kf3 Ke7 64. Ke4 Bd4 65. Rb3 f6 66. Bc6
Kd6 67. Ra3 Rh8 68. Ra6 Rd8 69. Ra3 Rh8 70. Ra6 1/2-1/2

[Event "1MCR_3DE_1L_3S"]
[Site "?"]
[Date "2005.??.??"]
[Round "3"]
[White "Sykora, Josef"]
[Black "Cakl, Zdenek"]
[Result "1-0"]
[WhiteElo "2394"]
[BlackElo "2139"]
[PlyCount "89"]
[EventDate "2005.??.??"]
[EventType "corr"]
[SourceDate "2005.03.20"]

1. c4 e6 2. g3 d5 3. Bg2 Nf6 4. Nf3 d4 5. O-O Be7 6. b4 O-O 7. Bb2 c5 8. d3
Nbd7 9. Nbd2 e5 10. b5 Ng4 11. h3 Nh6 12. a4 f5 13. a5 Rb8 14. e3 Bd6 15. Re1
Nf7 16. Qc2 Nf6 17. exd4 exd4 18. Bc1 Qc7 19. Nb3 Bd7 20. Bd2 Rbe8 21. Ng5 Bc8
22. Rxe8 Rxe8 23. Nxf7 Qxf7 24. Qc1 h6 25. Bf4 Qc7 26. Bxd6 Qxd6 27. Qd2 b6 28.
Re1 Rxe1+ 29. Qxe1 f4 30. g4 Bd7 31. a6 Be8 32. Qe2 Bg6 33. Nd2 Kh7 34. Bb7 Kg8
35. Nf3 Kf8 36. Kf1 Qc7 37. Ke1 Qd6 38. Kd2 Be8 39. g5 hxg5 40. Nxg5 Bd7 41.
Bg2 Bc8 42. Bf1 Bd7 43. Qf3 Be8 44. h4 Qe7 45. Bh3 1-0

[Event "1MCR_3DE_1L_3S"]
[Site "?"]
[Date "2005.??.??"]
[Round "3"]
[White "Sykora, Josef"]
[Black "Mika, Petr"]
[Result "1-0"]
[WhiteElo "2394"]
[BlackElo "1715"]
[PlyCount "113"]
[EventDate "2005.??.??"]
[EventType "corr"]
[SourceDate "2005.03.20"]

1. c4 Nf6 2. Nf3 c6 3. d4 d5 4. Nc3 dxc4 5. a4 Bf5 6. e3 e6 7. Bxc4 Bb4 8. O-O
Nbd7 9. Qb3 Qb6 10. Nh4 O-O 11. Rd1 Bxc3 12. Qxc3 Be4 13. f3 Bd5 14. a5 Qc7 15.
Bd3 g5 16. e4 gxh4 17. Bh6 Rfe8 18. Qd2 Kh8 19. exd5 Nxd5 20. Qg5 Rg8 21. Qxh4
f5 22. Bd2 Rg7 23. Kh1 Rag8 24. g3 Nf8 25. Re1 Ng6 26. Qh3 Qd6 27. Bc4 Nf8 28.
Qh5 Nf6 29. Qh6 Nd5 30. Re2 Rg6 31. Qh4 R8g7 32. Rae1 Nd7 33. Bd3 a6 34. Bc2
Rf6 35. Bg5 Rfg6 36. Bh6 Rg8 37. Bd2 R8g7 38. g4 Rf6 39. g5 Rfg6 40. Qg3 Qxg3
41. hxg3 Nc7 42. g4 Rf7 43. Kh2 Kg8 44. gxf5 exf5 45. Re7 Rgg7 46. Rxf7 Rxf7
47. Bb3 Nd5 48. Re8+ Kg7 49. Bxd5 cxd5 50. Kg3 b6 51. b4 bxa5 52. bxa5 Kg6 53.
Re6+ Kg7 54. Rxa6 Nf8 55. Bb4 Nd7 56. Kf4 Nb8 57. Rb6 1-0

[Event "1MCR_3DE_1L_2S"]
[Site "?"]
[Date "2005.??.??"]
[Round "2"]
[White "Trcka, Vaclav"]
[Black "Struzka, Vlastimil"]
[Result "0-1"]
[WhiteElo "2175"]
[BlackElo "2216"]
[PlyCount "98"]
[EventDate "2005.??.??"]
[EventType "corr"]
[SourceDate "2005.03.20"]

1. d4 d5 2. c4 Nf6 3. cxd5 Qxd5 4. Nc3 Qd6 5. Nf3 Bf5 6. Ne5 Nbd7 7. Qb3 Nxe5
8. dxe5 Qxe5 9. Qxb7 Rd8 10. e4 c6 11. f3 Bc8 12. Qxa7 e6 13. Be3 Bb4 14. Rc1
O-O 15. a3 Rd7 16. Qb6 Be7 17. b4 Bb7 18. f4 Qb8 19. e5 Ng4 20. Bc5 Qa8 21. Nb1
Bxc5 22. Qxc5 Rd5 23. Qb6 c5 24. bxc5 Nxe5 25. Be2 Nd7 26. Qb4 Qa7 27. O-O Nxc5
28. Kh1 Rfd8 29. Qe1 Ba6 30. Nc3 Rd2 31. f5 Bxe2 32. Nxe2 exf5 33. Rxf5 Ne4 34.
Rf3 Qe7 35. Kg1 h6 36. h4 Qa7+ 37. Kh2 Qb8+ 38. Ng3 Nxg3 39. Qxg3 Rxg2+ 40.
Kxg2 Qb2+ 41. Rf2 Qxc1 42. Qf4 Qc6+ 43. Kh2 Qe6 44. Rf3 Rd5 45. Qb8+ Kh7 46.
Qf4 Re5 47. Kg3 Kg8 48. Qg4 Qc6 49. Qf4 Qe8 0-1

[Event "1MCR_3DE_1L_2S"]
[Site "?"]
[Date "2005.??.??"]
[Round "2"]
[White "Cakl, Miloslav"]
[Black "Klimecky, Tomas"]
[Result "1-0"]
[WhiteElo "1907"]
[BlackElo "1800"]
[PlyCount "91"]
[EventDate "2005.??.??"]
[EventType "corr"]
[SourceDate "2005.03.20"]

1. e4 c6 2. d4 d5 3. Nc3 dxe4 4. Nxe4 Bf5 5. Ng3 Bg6 6. h4 h6 7. Nf3 Nd7 8. h5
Bh7 9. Bd3 Bxd3 10. Qxd3 e6 11. Bf4 Ngf6 12. O-O-O Be7 13. Ne5 O-O 14. Rhe1 a5
15. Qf3 Nb6 16. c4 a4 17. Kb1 Nbd7 18. Ne4 Nxe4 19. Rxe4 Nxe5 20. Bxe5 Bg5 21.
Rg4 b5 22. c5 Qd5 23. Qxd5 exd5 24. f4 f5 25. Rg3 Bf6 26. Kc2 Rae8 27. b3 Ra8
28. Kc3 axb3 29. Bxf6 Rxf6 30. axb3 Re6 31. Rg6 Rxg6 32. hxg6 Re8 33. Ra1 Kf8
34. Kb4 Re6 35. Ka5 Rxg6 36. Kb6 h5 37. Ra8+ Ke7 38. Rh8 h4 39. Rxh4 Kd7 40.
Rh5 Rf6 41. Kb7 b4 42. Rh8 Rg6 43. Rc8 Rxg2 44. Rxc6 Ke7 45. Rc7+ Kf6 46. Rd7
1-0

[Event "1MCR_3DE_1L_3S"]
[Site "?"]
[Date "2005.??.??"]
[Round "3"]
[White "Bednarik, Radovan"]
[Black "Cakl, Zdenek"]
[Result "1/2-1/2"]
[WhiteElo "2201"]
[BlackElo "2139"]
[PlyCount "95"]
[EventDate "2005.??.??"]
[EventType "corr"]
[SourceDate "2005.03.20"]

1. d4 d5 2. c4 e6 3. Nc3 Nf6 4. Nf3 Be7 5. Bf4 O-O 6. e3 c5 7. dxc5 Bxc5 8.
cxd5 Nxd5 9. Nxd5 exd5 10. a3 Nc6 11. Bd3 Bb6 12. O-O d4 13. exd4 Bg4 14. Be3
Qd5 15. Be2 Rad8 16. Re1 Qd6 17. Rc1 Rfe8 18. Bg5 f6 19. Be3 Re7 20. Qb3+ Kh8
21. h3 Bxf3 22. Bxf3 Nxd4 23. Bxd4 Bxd4 24. Qc2 b5 25. b4 Rxe1+ 26. Rxe1 g6 27.
h4 Kg7 28. h5 Be5 29. a4 bxa4 30. Qxa4 Qb6 31. b5 Qc5 32. Be2 Bd4 33. Rf1 Qe5
34. Qc2 Bb6 35. Rd1 Rxd1+ 36. Qxd1 Qf5 37. Qf1 gxh5 38. Bd3 Qe5 39. Qe2 Qxe2
40. Bxe2 h6 41. Bxh5 Bc5 42. Kf1 Bb6 43. g3 Bc5 44. Ke2 Bb6 45. g4 Bc5 46. f4
Bb6 47. Kf3 Bc5 48. Ke4 1/2-1/2

[Event "1MCR_3DE_1L_3S"]
[Site "?"]
[Date "2005.??.??"]
[Round "3"]
[White "Glaser, Karel"]
[Black "Portych, Vaclav"]
[Result "1-0"]
[WhiteElo "2039"]
[BlackElo "2024"]
[PlyCount "133"]
[EventDate "2005.??.??"]
[EventType "corr"]
[SourceDate "2005.03.20"]

1. e4 c5 2. Nf3 Nc6 3. d4 cxd4 4. Nxd4 Nf6 5. Nc3 e5 6. Ndb5 d6 7. Bg5 a6 8.
Na3 b5 9. Bxf6 gxf6 10. Nd5 f5 11. Bd3 Be6 12. O-O Bxd5 13. exd5 Ne7 14. c3 Bg7
15. Nc2 e4 16. Be2 O-O 17. Qd2 Qb6 18. Qg5 Nxd5 19. Qxf5 Nf6 20. Rfd1 d5 21.
Ne3 b4 22. g4 bxc3 23. bxc3 Qb2 24. Bf1 h6 25. g5 hxg5 26. Qxg5 Qxc3 27. Rac1
Nh7 28. Qg2 Qf6 29. Rxd5 Qg6 30. Nf5 Qxg2+ 31. Kxg2 Rfe8 32. Rc7 Nf6 33. Rdc5
Nh5 34. Nd6 Re5 35. Nxe4 Nf4+ 36. Kf3 Ne6 37. Rc8+ Rxc8 38. Rxc8+ Kh7 39. Bxa6
Nd4+ 40. Kg2 Rxe4 41. Bd3 f5 42. Bxe4 fxe4 43. Re8 Kg6 44. Rxe4 Kf5 45. Re7 Bf6
46. Rf7 Ke6 47. Rxf6+ Kxf6 48. a4 Nc6 49. Kg3 Kg5 50. h4+ Kf5 51. f4 Na5 52. h5
Nc4 53. Kf3 Na5 54. Ke3 Nb3 55. Ke2 Kf6 56. Ke1 Na5 57. Kd2 Nc6 58. Kc3 Kg7 59.
Kc4 Kh6 60. Kd5 Na5 61. f5 Kxh5 62. Ke6 Nc6 63. Kf7 Kg5 64. f6 Kf5 65. a5 Ke5
66. a6 Kd6 67. Kg8 1-0

[Event "1MCR_3DE_1L_3S"]
[Site "?"]
[Date "2005.??.??"]
[Round "3"]
[White "Mika, Petr"]
[Black "Bednarik, Radovan"]
[Result "0-1"]
[WhiteElo "1715"]
[BlackElo "2201"]
[PlyCount "102"]
[EventDate "2005.??.??"]
[EventType "corr"]
[SourceDate "2005.03.20"]

1. d4 d5 2. Nf3 Nf6 3. e3 e6 4. Bd3 Bd6 5. Nbd2 O-O 6. c3 Nbd7 7. O-O e5 8.
dxe5 Nxe5 9. Nxe5 Bxe5 10. Qc2 c6 11. Nf3 Bd6 12. b3 Re8 13. Bb2 Bg4 14. Nd4 c5
15. Nf5 c4 16. Be2 Bxe2 17. Qxe2 Be5 18. f4 Bc7 19. Rf3 Qd7 20. Nd4 Rac8 21. b4
Re4 22. Qf2 Ng4 23. Qd2 Rce8 24. Re1 Bb6 25. h3 Nh6 26. g4 f5 27. g5 Nf7 28.
Qg2 Bxd4 29. cxd4 R8e6 30. Bc3 Nd6 31. h4 Nb5 32. Qd2 Qe8 33. a4 Nxc3 34. Qxc3
Qxa4 35. Kf2 Rb6 36. Ra1 Qxb4 37. Qxb4 Rxb4 38. Rxa7 Rb2+ 39. Ke1 Re6 40. Rh3
Ra6 41. Rxa6 bxa6 42. Kd1 g6 43. h5 a5 44. hxg6 hxg6 45. Kc1 Rf2 46. Rh6 Kg7
47. Kb1 a4 48. Rh1 Re2 49. Rh3 a3 50. Rh1 Rb2+ 51. Ka1 c3 0-1

[Event "1MCR_3DE_1L_3S"]
[Site "?"]
[Date "2005.??.??"]
[Round "3"]
[White "Bednarik, Radovan"]
[Black "Motejzik, Jaroslav"]
[Result "1/2-1/2"]
[WhiteElo "2201"]
[BlackElo "2000"]
[PlyCount "103"]
[EventDate "2005.??.??"]
[EventType "corr"]
[SourceDate "2005.03.20"]

1. d4 Nf6 2. c4 g6 3. Nc3 d5 4. cxd5 Nxd5 5. e4 Nxc3 6. bxc3 Bg7 7. Nf3 c5 8.
Bb5+ Bd7 9. Rb1 O-O 10. O-O Qc7 11. Qb3 Bxb5 12. Qxb5 b6 13. e5 Nc6 14. Bf4
cxd4 15. cxd4 e6 16. Rbc1 Rac8 17. d5 exd5 18. Rfd1 d4 19. Rd2 Qb7 20. Rdc2 Ne7
21. Qd3 Rxc2 22. Rxc2 Nf5 23. h3 Rd8 24. Bg5 Rd7 25. g4 Ne7 26. Bxe7 Rxe7 27.
Qxd4 Re8 28. Rc3 b5 29. Rb3 a6 30. a4 Qc6 31. axb5 axb5 32. Qb4 Rb8 33. Qd6
Qxd6 34. exd6 Kf8 35. Ng5 h6 36. Ne4 Ke8 37. Nc5 Bf8 38. Na6 Rb6 39. Rxb5 Rxb5
40. Nc7+ Kd7 41. Nxb5 Kc6 42. Nd4+ Kxd6 43. Kg2 Ke5 44. Ne2 Bd6 45. Kf3 Be7 46.
Kg3 Ke4 47. Nc3+ Kd3 48. Nd5 Bd8 49. h4 Ke4 50. Nc3+ Kd4 51. Nd1 h5 52. g5
1/2-1/2

[Event "1MCR_3DE_1L_3S"]
[Site "?"]
[Date "2005.??.??"]
[Round "3"]
[White "Portych, Vaclav"]
[Black "Motejzik, Jaroslav"]
[Result "1/2-1/2"]
[WhiteElo "2024"]
[BlackElo "2000"]
[PlyCount "97"]
[EventDate "2005.??.??"]
[EventType "corr"]
[SourceDate "2005.03.20"]

1. c4 Nf6 2. Nc3 d5 3. cxd5 Nxd5 4. g3 g6 5. Bg2 c6 6. Nf3 Bg7 7. O-O O-O 8. d4
Be6 9. Ne4 Na6 10. Bd2 Nf6 11. Nxf6+ exf6 12. a4 f5 13. Bg5 Qd7 14. Qd2 Rfe8
15. b4 Bd5 16. Rfd1 Nc7 17. Be3 Ne6 18. Ne5 Qd6 19. Bxd5 Qxd5 20. Nf3 Rad8 21.
Ra3 a6 22. Rd3 Bf8 23. Ng5 Nc7 24. Bf4 Qd7 25. Bxc7 Qxc7 26. e3 Qe7 27. Nf3
Qxb4 28. Qa2 Qa5 29. Rc1 Qd5 30. Qxd5 Rxd5 31. Rb3 Re7 32. Rb6 Ra5 33. Rc4 f6
34. Nd2 Rd7 35. h3 Kf7 36. Nb3 Rad5 37. Rc1 Be7 38. Rb1 Bd8 39. Rb4 a5 40. Rc4
Be7 41. Kf1 h5 42. Ke2 g5 43. h4 Bb4 44. Nc1 c5 45. Nd3 b6 46. hxg5 fxg5 47.
Rh1 cxd4 48. Nxb4 axb4 49. Rxb4 1/2-1/2

[Event "1MCR_3DE_1L_1S"]
[Site "?"]
[Date "2005.??.??"]
[Round "1"]
[White "Vozda, Jindrich"]
[Black "Alexa, Jaroslav"]
[Result "1/2-1/2"]
[WhiteElo "2494"]
[BlackElo "2341"]
[PlyCount "95"]
[EventDate "2005.??.??"]
[EventType "corr"]
[SourceDate "2005.03.20"]

1. e4 c5 2. Nf3 Nc6 3. d4 cxd4 4. Nxd4 Nf6 5. Nc3 e5 6. Ndb5 d6 7. Bg5 a6 8.
Na3 b5 9. Bxf6 gxf6 10. Nd5 f5 11. Bd3 Be6 12. O-O Bxd5 13. exd5 Ne7 14. c3 Bg7
15. Qh5 e4 16. Be2 O-O 17. Nc2 f4 18. Qg5 f5 19. Rfd1 f3 20. gxf3 Kh8 21. Kh1
Be5 22. Nd4 Qe8 23. Rg1 Bxd4 24. cxd4 Qf7 25. fxe4 fxe4 26. Bh5 Qf6 27. Rae1
Qxg5 28. Rxg5 h6 29. Rg3 Rf4 30. Bg6 Nxg6 31. Rxg6 Rxf2 32. Rxd6 Rxb2 33. a3
Rf8 34. Rxh6+ Kg7 35. Rh4 Rff2 36. d6 Rbd2 37. Rg4+ Kf6 38. Rexe4 Rxh2+ 39. Kg1
Rh7 40. Rgf4+ Kg5 41. Rf2 Rd1+ 42. Kg2 Rd7 43. Re5+ Kg4 44. Rd5 Rd3 45. Re2
Rg3+ 46. Kf2 Kf4 47. Re7 Rf3+ 48. Kg2 1/2-1/2

[Event "1MCR_3DE_1L_2S"]
[Site "?"]
[Date "2005.??.??"]
[Round "2"]
[White "Struzka, Vlastimil"]
[Black "Soucha, Stepan"]
[Result "1/2-1/2"]
[WhiteElo "2216"]
[BlackElo "2335"]
[PlyCount "97"]
[EventDate "2005.??.??"]
[EventType "corr"]
[SourceDate "2005.03.20"]

1. d4 d5 2. c4 e6 3. Nf3 Nf6 4. e3 Nbd7 5. Bd3 dxc4 6. Bxc4 a6 7. O-O b5 8. Be2
Bb7 9. a4 b4 10. b3 c5 11. Bb2 Be7 12. Nbd2 O-O 13. Rc1 Rc8 14. Nc4 cxd4 15.
Bxd4 Nd5 16. Qd2 Nc5 17. Qb2 Bf6 18. Nfe5 Ne4 19. Qc2 Nec3 20. Bd3 g6 21. Rfe1
Bg7 22. Bf1 Qe7 23. Nd3 Bxd4 24. exd4 Rfd8 25. Qd2 Rc7 26. f3 Qh4 27. Qf2 Qf6
28. Re5 Rcd7 29. Rce1 Rc7 30. Nd2 Bc8 31. Nc5 Ne7 32. Nde4 Nxe4 33. Nxe4 Qg7
34. Qh4 h6 35. a5 g5 36. Qf2 Rcd7 37. f4 g4 38. d5 Rxd5 39. Qb6 Rd4 40. Rc1 Rd1
41. Rxd1 Rxd1 42. Qxb4 Nd5 43. Qc4 Bd7 44. Nf2 Ra1 45. Qd4 Rb1 46. Qd3 Ra1 47.
Qd4 Re1 48. Qd2 Ra1 49. Qd4 1/2-1/2

[Event "1MCR_3DE_1L_2S"]
[Site "?"]
[Date "2005.??.??"]
[Round "2"]
[White "Binas, Jindrich"]
[Black "Soucha, Stepan"]
[Result "1/2-1/2"]
[WhiteElo "2114"]
[BlackElo "2335"]
[PlyCount "81"]
[EventDate "2005.??.??"]
[EventType "corr"]
[SourceDate "2005.03.20"]

1. e4 e5 2. Nf3 Nc6 3. Bb5 a6 4. Ba4 Nf6 5. O-O Be7 6. Re1 b5 7. Bb3 d6 8. c3
O-O 9. h3 Na5 10. Bc2 c5 11. d4 Nd7 12. Nbd2 exd4 13. cxd4 Nc6 14. d5 Nce5 15.
Nxe5 Nxe5 16. a4 Bd7 17. axb5 Bxb5 18. f4 Ng6 19. g3 Re8 20. Kh2 Bf6 21. Nf3
Qd7 22. e5 dxe5 23. Bxg6 hxg6 24. fxe5 Bd8 25. b3 Rc8 26. Bg5 Qf5 27. g4 Qd7
28. Bxd8 Qxd8 29. Rc1 c4 30. d6 Qd7 31. bxc4 Rxc4 32. Qd5 Rec8 33. Rxc4 Bxc4
34. Qd4 Be6 35. Ng5 a5 36. Re3 a4 37. Nxe6 fxe6 38. Rc3 Rf8 39. Kg3 Qb5 40. Qe3
Kh7 41. Rd3 1/2-1/2

[Event "1MCR_3DE_1L_2S"]
[Site "?"]
[Date "2005.??.??"]
[Round "2"]
[White "Markytan, Vladislav"]
[Black "Sedlaty, Martin"]
[Result "1-0"]
[WhiteElo "2168"]
[BlackElo "1800"]
[PlyCount "21"]
[EventDate "2005.??.??"]
[EventType "corr"]
[SourceDate "2005.03.20"]

1. d4 Nf6 2. Nf3 g6 3. c4 Bg7 4. g3 O-O 5. Bg2 d6 6. O-O Nbd7 7. Nc3 c6 8. e4
e5 9. dxe5 Nxe5 10. Nxe5 Be6 11. Nd3 1-0

[Event "1MCR_3DE_1L_3S"]
[Site "?"]
[Date "2005.??.??"]
[Round "3"]
[White "Schwarz, Jan"]
[Black "Svrsek, Radomir"]
[Result "1/2-1/2"]
[WhiteElo "2295"]
[BlackElo "2190"]
[PlyCount "48"]
[EventDate "2005.??.??"]
[EventType "corr"]
[SourceDate "2005.03.20"]

1. e4 e6 2. d4 d5 3. Nd2 c5 4. Ngf3 cxd4 5. Nxd4 Nc6 6. Bb5 Bd7 7. Nxc6 Bxc6 8.
Bxc6+ bxc6 9. c4 dxe4 10. Qa4 f5 11. Nb3 Kf7 12. Bf4 Qb6 13. O-O Nf6 14. Rad1
Be7 15. h3 Rhd8 16. Na5 Rxd1 17. Rxd1 Qxb2 18. Nxc6 Bc5 19. Ne5+ Kg8 20. Qc6
Qxf2+ 21. Kh1 Re8 22. Bg5 Qe2 23. Rb1 Qxa2 24. Rc1 Qa3 1/2-1/2

[Event "1MCR_3DE_1L_3S"]
[Site "?"]
[Date "2005.??.??"]
[Round "3"]
[White "Hlavacek, Ladislav"]
[Black "Schwarz, Jan"]
[Result "0-1"]
[WhiteElo "2009"]
[BlackElo "2295"]
[PlyCount "84"]
[EventDate "2005.??.??"]
[EventType "corr"]
[SourceDate "2005.03.20"]

1. d4 Nf6 2. Bf4 c5 3. dxc5 Na6 4. Nc3 Nxc5 5. e3 a6 6. Nf3 d6 7. Be2 g6 8. O-O
Bg7 9. Rb1 b5 10. a4 b4 11. Na2 Rb8 12. Nc1 O-O 13. Nd3 Nxa4 14. Nd2 Qc7 15.
Bf3 a5 16. Rc1 Bd7 17. Bg5 h6 18. Bh4 g5 19. Bg3 h5 20. h4 g4 21. Be2 Bb5 22.
Qe1 Rfc8 23. e4 Bxd3 24. Bxd3 Nxb2 25. Ba6 Rd8 26. Qe2 Qc6 27. Bf4 a4 28. Bg5
Nd7 29. Rb1 a3 30. Rbe1 Nc5 31. Bc4 Nxc4 32. Nxc4 Rdc8 33. Bxe7 Nxe4 34. Qxe4
Qxe4 35. Rxe4 d5 36. Nd6 dxe4 37. Nxc8 a2 38. Nd6 b3 39. cxb3 Rxb3 40. Nxe4 Rb1
41. Nd2 Rxf1+ 42. Nxf1 Bd4 0-1

[Event "1MCR_3DE_1L_3S"]
[Site "?"]
[Date "2005.??.??"]
[Round "3"]
[White "Peroutik, Jiri"]
[Black "Motejzik, Jaroslav"]
[Result "0-1"]
[WhiteElo "1822"]
[BlackElo "2000"]
[PlyCount "32"]
[EventDate "2005.??.??"]
[EventType "corr"]
[SourceDate "2005.03.20"]

1. e4 e6 2. d4 d5 3. Nd2 Nf6 4. e5 Nfd7 5. Bd3 c5 6. c3 Nc6 7. Ne2 cxd4 8. cxd4
f6 9. f4 fxe5 10. fxe5 Nxd4 11. O-O Qb6 12. Kh1 Nxe5 13. Nf3 Ndxf3 14. gxf3
Nxd3 15. Qxd3 Bc5 16. Bf4 Qxb2 0-1

[Event "1MCR_3DE_1L_3S"]
[Site "?"]
[Date "2005.??.??"]
[Round "3"]
[White "Motejzik, Jaroslav"]
[Black "Nepustil, Frantisek"]
[Result "1/2-1/2"]
[WhiteElo "2000"]
[BlackElo "2200"]
[PlyCount "28"]
[EventDate "2005.??.??"]
[EventType "corr"]
[SourceDate "2005.03.20"]

1. d4 Nf6 2. c4 c5 3. d5 d6 4. Nc3 g6 5. e4 Bg7 6. Nf3 O-O 7. Be2 e6 8. O-O
exd5 9. cxd5 Re8 10. Nd2 Na6 11. Re1 Nc7 12. a4 b6 13. h3 Rb8 14. Bb5 Re7
1/2-1/2

[Event "1MCR_3DE_1L_3S"]
[Site "?"]
[Date "2005.??.??"]
[Round "3"]
[White "Zednik, Martin"]
[Black "Glaser, Karel"]
[Result "1/2-1/2"]
[WhiteElo "2077"]
[BlackElo "2039"]
[PlyCount "60"]
[EventDate "2005.??.??"]
[EventType "corr"]
[SourceDate "2005.03.20"]

1. e4 e5 2. Nf3 Nc6 3. d4 exd4 4. Nxd4 Bc5 5. Be3 Qf6 6. c3 Nge7 7. g3 d5 8.
Bg2 Bxd4 9. cxd4 dxe4 10. Nc3 Bf5 11. Nxe4 Bxe4 12. Bxe4 O-O-O 13. Qg4+ Kb8 14.
O-O-O Rhe8 15. Qf3 Qxf3 16. Bxf3 Nb4 17. a3 Nbd5 18. Rhe1 Nxe3 19. Rxe3 Nf5 20.
Rxe8 Rxe8 21. h3 a5 22. Kc2 Nd6 23. Kd3 Ka7 24. Rd2 c6 25. Re2 Rxe2 26. Bxe2 a4
27. Kc3 b5 28. h4 Kb6 29. g4 c5 30. h5 g6 1/2-1/2

[Event "1MCR_3DE_1L_3S"]
[Site "?"]
[Date "2005.??.??"]
[Round "3"]
[White "Mikoska, Josef"]
[Black "Hlavacek, Ladislav"]
[Result "1-0"]
[WhiteElo "2134"]
[BlackElo "2009"]
[PlyCount "85"]
[EventDate "2005.??.??"]
[EventType "corr"]
[SourceDate "2005.03.20"]

1. e4 e5 2. Nf3 Nf6 3. Nxe5 Qe7 4. d4 Nc6 5. Nc3 Nxe5 6. dxe5 Qxe5 7. f4 Qe6 8.
Qd4 b6 9. Bc4 Bc5 10. Qd3 Qg4 11. e5 Qxg2 12. Rf1 b5 13. Bb3 O-O 14. Bd2 b4 15.
Nd5 Ng4 16. O-O-O Rb8 17. h3 Nf2 18. Qe2 d6 19. Be1 Qxf1 20. Qxf1 Nxd1 21. Kxd1
dxe5 22. Qc4 Bb6 23. Ne7+ Kh8 24. Nxc8 Rbxc8 25. fxe5 Rcd8+ 26. Ke2 c5 27. Bf2
Rde8 28. Qd5 Rd8 29. Qf3 Rde8 30. Qf5 Kg8 31. Kd3 h6 32. Bh4 Bd8 33. Bf6 Bxf6
34. exf6 Rd8+ 35. Bd5 Rd6 36. fxg7 Kxg7 37. Kc4 Rf6 38. Qg4+ Rg6 39. Qd7 Rf6
40. Qxa7 Rf2 41. Kb3 Rc8 42. Qd7 Rf8 43. Qg4+ 1-0

[Event "1MCR_3DE_1L_3S"]
[Site "?"]
[Date "2005.??.??"]
[Round "3"]
[White "Glaser, Karel"]
[Black "Peroutik, Jiri"]
[Result "1-0"]
[WhiteElo "2039"]
[BlackElo "1822"]
[PlyCount "49"]
[EventDate "2005.??.??"]
[EventType "corr"]
[SourceDate "2005.03.20"]

1. e4 e6 2. d4 d5 3. Nc3 Nf6 4. e5 Nfd7 5. f4 c5 6. Nf3 Nc6 7. Be3 cxd4 8. Nxd4
Bc5 9. Qd2 O-O 10. O-O-O a6 11. Qf2 Qc7 12. Bd3 Nxd4 13. Bxd4 b5 14. Qh4 g6 15.
Ne2 b4 16. Qh6 Re8 17. h4 Bf8 18. Qg5 Nc5 19. Bxc5 Qxc5 20. h5 Qe7 21. Qg3 a5
22. Nd4 Ba6 23. hxg6 hxg6 24. Bxg6 fxg6 25. f5 1-0

[Event "1MCR_3DE_1L_3S"]
[Site "?"]
[Date "2005.??.??"]
[Round "3"]
[White "Schwarz, Jan"]
[Black "Valak, Alois"]
[Result "1-0"]
[WhiteElo "2295"]
[BlackElo "2250"]
[PlyCount "59"]
[EventDate "2005.??.??"]
[EventType "corr"]
[SourceDate "2005.03.20"]

1. e4 c5 2. Nf3 d6 3. d4 cxd4 4. Nxd4 Nf6 5. Nc3 a6 6. Be2 e5 7. Nb3 Be7 8. O-O
O-O 9. Be3 Be6 10. Qd2 Nbd7 11. a4 Rc8 12. a5 Qc7 13. Rfc1 Qc6 14. Bf3 Bc4 15.
Ra4 Rfe8 16. Rd1 Be6 17. h3 Qc7 18. Raa1 Nf8 19. Nc1 Ng6 20. Bg5 Red8 21. Nd3
Re8 22. Bxf6 Bxf6 23. Nb4 Qc4 24. Nbd5 Bd8 25. Be2 Qc5 26. b4 Qa7 27. Bg4 Nf4
28. Nxf4 exf4 29. Ra3 Qc5 30. bxc5 1-0

[Event "1MCR_3DE_1L_3S"]
[Site "?"]
[Date "2005.??.??"]
[Round "3"]
[White "Zednik, Martin"]
[Black "Valak, Alois"]
[Result "1-0"]
[WhiteElo "2077"]
[BlackElo "2250"]
[PlyCount "75"]
[EventDate "2005.??.??"]
[EventType "corr"]
[SourceDate "2005.03.20"]

1. e4 e5 2. Nf3 Nc6 3. Bb5 a6 4. Ba4 Nf6 5. O-O Be7 6. Re1 b5 7. Bb3 O-O 8. c3
d6 9. h3 Bb7 10. d4 Na5 11. Bc2 c5 12. d5 Nc4 13. b3 Nb6 14. a4 bxa4 15. bxa4
Nc4 16. Nbd2 Nxd2 17. Nxd2 a5 18. Bd3 Nd7 19. Rb1 Ra7 20. Nc4 f5 21. Na3 fxe4
22. Bxe4 Nf6 23. Nb5 Nxe4 24. Rxe4 Ra6 25. Nxd6 Ba8 26. Nb5 Bxd5 27. Rxe5 Ba2
28. Qxd8 Rxd8 29. Rb2 Rd1+ 30. Kh2 Re6 31. Bf4 Bc4 32. Rxe6 Bxe6 33. Bc7 Ra1
34. Re2 Kf7 35. Bd6 Ra2 36. Re4 Bxd6+ 37. Nxd6+ Kf8 38. Rxe6 1-0

[Event "1MCR_3DE_1L_2S"]
[Site "?"]
[Date "2005.??.??"]
[Round "2"]
[White "Binas, Jindrich"]
[Black "Cakl, Miloslav"]
[Result "0-1"]
[WhiteElo "2114"]
[BlackElo "1907"]
[PlyCount "34"]
[EventDate "2005.??.??"]
[EventType "corr"]
[SourceDate "2005.03.20"]

1. e4 c5 2. Bc4 e6 3. Qe2 Be7 4. d3 d5 5. Bb3 Nf6 6. e5 Nfd7 7. Nf3 b5 8. c3
O-O 9. O-O a5 10. d4 Ba6 11. Re1 Nc6 12. Qe3 Qc7 13. Bd1 Rfc8 14. Na3 b4 15.
Nc2 Nb6 16. Qf4 Bd3 17. dxc5 Bxc5 0-1